Geoikonika

Podrobná bibliografia
Hlavný autor: Pravda, Ján, 1934-2010 (Autor)
Médium: Článok
Jazyk:slovenčina
Fyzický popis:Fotogr. 1
Predmet:

MARC

LEADER 00000nab a2200000 a 4500
001 vtls000647230
003 SK-MaSNL
005 20260304100708.0
008 250425c1997 xo o 0b slo
015 |a SNBRB19rr/mm-uuuuu 
035 |a CL0647369 
035 |a urn:nbn:sk:snk-ab2j04 
035 |a (urnnbn)urn:nbn:sk:snk:ar-a02hhj 
035 |a (uuid)04a4e35e-b6fb-484a-901e-1aa3b5feed83 
040 |a SNKBUCL  |b slo  |c SNKBUCL  |e AACR2 
041 0 |a slo 
044 |a xo  |c SK 
080 |a 528.9(048)  |2 1981 
100 1 |a Pravda, Ján,  |d 1934-2010  |4 aut  |9 102220 
245 1 0 |a Geoikonika  |c Ján Pravda 
300 |b Fotogr. 1 
650 0 7 |a geoikonika  |2 snkbucl  |9 1394932 
655 7 |a recenzie  |2 snkbucl  |9 21907 
773 0 |t Geografia  |g Roč. 5, č. 4 (1997), s. 172-173 
787 0 8 |i Rec.:  |a Berljant, Aleksandr Michajlovič  |t Geoikonika  |d Moskva : Astreja, 1996 
850 |a Slovenská národná knižnica 
852 |a Slovenská národná knižnica 
954 |a odborná, vedecká literatúra pôvodná (slovenská)  |2 lita 
958 |a article27 
958 |a RC 
958 |a RU 
958 |a OND 
958 |a EUIPO 
999 |c 2839435  |d 2841365